000 01748cam a2200145 4500500
005 20260329025626.0
041 _afre
042 _adc
100 1 0 _aScherer, Jacques
_eauthor
700 1 0 _aScherer, Colette
_eauthor
245 0 0 _aLa dramaturgie classique
260 _bArmand Colin,
_c2025.
520 _aNouvelle édition revue par Colette SchererPréface de Georges ForestierApparu au milieu du XXe siècle, ce livre est immédiatement devenu le point de référence des études littéraires et théâtrales. Il constitue d’abord un manuel qui expose, avec une rare clarté, les éléments clés de la dramaturgie classique (les trois unités, les notions d’exposition, de nœud, de péripétie, d’obstacle, de vraisemblance et de bienséance…) et l’ensemble des techniques de composition du théâtre classique, de Corneille à Voltaire en passant par Racine et Molière.Mais ce livre est bien plus qu’un manuel. Jacques Scherer a proposé, chemin faisant, une réflexion novatrice sur la création dramatique. On comprend en le lisant que les grands dramaturges classiques ne sont pas des génies brimés par des «règles» et qui ont réussi en dépit d’elles ; pour eux, compo ser une pièce de théâtre, c’est entrer dans un jeu dialectique entre le sujet choisi et les contraintes techniques liées au système dramatique de leur époque. En proposant un renouvellement aussi profond de la description de l’acte créateur, Jacques Scherer a contribué à transformer la manière même dont spectateurs et lecteurs interprètent les chefs-d’œuvre du théâtre classique français.
856 4 1 _uhttps://shs.cairn.info/la-dramaturgie-classique--9782200641238?lang=fr&redirect-ssocas=7080
999 _c1939226
_d1939226